header

Technical and ethical guidelines for workers' health surveillance (Record no. 3240)

MARC details
000 -LEADER
fixed length control field 01185nam a2200289Ia 4500
245 00 - TITLE STATEMENT
Title Technical and ethical guidelines for workers' health surveillance
260 ## - PUBLICATION, DISTRIBUTION, ETC. (IMPRINT)
Place of publication Geneva :
Name of publisher International Labour Office,
Year of publication 1998.
300 ## - PHYSICAL DESCRIPTION
Number of Pages ix, 41 p.
490 1# - SERIES STATEMENT
Series statement Occupational safety and health series ;
500 ## - GENERAL NOTE
General note "This publication is the outcome of a PIACT project"--P. [2] of cover.
650 #0 - SUBJECT ADDED ENTRY--TOPICAL TERM
Topical Term Industrial safety.
Topical Term Industrial hygiene.
856 40 - ELECTRONIC LOCATION AND ACCESS
Uniform Resource Identifier http://site.ebrary.com/lib/rucke/Doc?id=10004922

No items available.

© 2026 Rongo University
Contact us: librarian | system librarian | Rongo university